Common Ground (Registro nro. 17299)

Detalles MARC
000 -CABECERA
Campo de control 00325as aa2200109a 44500
090 ## - CLASIFICACIÓN LOCAL
Colección SERIADAS
Consecutivo 01537
041 0# - IDIOMA
Código de idioma para texto/pista de sonido o título separado
245 10 - MENCION DE TITULO
Título Common Ground
260 ## - PUBLICACION, DISTRIBUCION, ETC. (PIE DE IMPRENTA)
Nombre del editor, distribuidor, etc. Ministerio Federal del Medio Ambiente, Protección de la Naturaleza y Seguridad de los Reactores Nucleares
Lugar de publicación, distribución, etc. Alemania
942 ## - ELEMENTOS ADICIONALES (KOHA)
Tipo de ítem Periodica o revista
Existencias
Withdrawn status Lost status Damaged status No para préstamo Colección Fecha publicación (Año) Número revista Ubicación Permanente Ubicación actual Fecha de adquisición Total Checkouts Número topográfico Inventario / Código de Barras Date last seen Ejemplar Price effective from Forma de adquisición Tipo de material
        Hemeroteca 2001 2 Villa de Leyva Villa de Leyva 27/05/2005   SERIADAS 01537 019011 25/03/2015 1 25/03/2015   Periodica o revista